000 00277nam a22001217a 4500
008 180302b xxu||||| |||| 00| 0 eng d
041 _aeng
080 _a159.9
100 _a49
101 _apsi
245 _aporsoning the minds of lower orders
_cdon.h
942 _2udc
_cBK
999 _c43989
_d43989